000 00664nam a2200229Ia 4500
003 OSt
005 20260227115624.0
008 220923b |||||||| |||| 00| 0 eng d
020 _a0415301300
037 _cGeneral Book
040 _aRTL
_cRTL
_beng
041 _2eng
_aeng
084 _aY:4582, P3
_qRTL
245 0 _aMeanings of violence
260 _aLondon
_bRoutledge
_c2003
300 _axvii, 250 p.
_bIncludes bibliographical references and index
500 _aBibliography chapterwise
650 _aSociology
700 _aStanko Elizabeth A
_eEditor
_9231602
942 _hY:4582, P3
_cGB
_2CC
999 _c579477
_d579477